Underutilised tropical plants genetic resources

Bibliographic Details
Other Authors: Quah, S.C. \q (Soon Cheang)
Format: Book
Published: Selangor : Universiti Pertanian Malaysia, , 1996
Subjects:

MARC

LEADER 00000cam a2200000 7i4500
001 0000003195
005 20050310.0
020 0 0 |a 9839319124 
090 0 0 |a 631.523   |b UND 
245 0 0 |a Underutilised tropical plants genetic resources   |c editors S.C. Quah .... [et al.] ; conservation and utilisation 
260 0 0 |a Selangor :   |b Universiti Pertanian Malaysia, ,   |c 1996 
300 |a vii, 353ms. ;   |c 22cm. 
650 0 0 |a Germplasm resources, Plant   |x Congresses 
650 0 0 |a Germplasm resources   |x Congresses 
650 0 0 |a Tropical plants   |x Germplasm resources   |x Congresses 
700 1 1 |a Quah, S.C. \q (Soon Cheang) 
999 |a 0000006121   |b Monograph   |c Open Shelf   |e Default branch